Compound Words #1 - Statistics

General Stats
  • This quiz has been taken 50,034 times
    27,209 since last reset
  • The average score is 14 of 20
Answer Stats
Definition Word % Correct
Wave riding equipment Surfboard
95%
Straw man meant to keep birds away Scarecrow
94%
General term for all edible things that come from the ocean Seafood
93%
Post-wedding vacation Honeymoon
91%
Seismic event Earthquake
88%
Scottish musical instrument Bagpipes
85%
Person who leases property to others Landlord
78%
Executioner who uses a noose Hangman
74%
Marine creature with five arms Starfish
70%
Battle between military planes Dogfight
64%
Man who tends free-range cattle Cowboy
63%
Citation or comment that appears on the bottom of a page Footnote
63%
Vote won by an overwhelming majority Landslide
61%
Place where logs are cut into timber Sawmill
59%
Movie with great box-office sales Blockbuster
54%
Mature male gorilla Silverback
50%
Acid reflux Heartburn
47%
One piece outer garment originally worn by parachutists Jumpsuit
45%
Colloquial name for tetanus Lockjaw
41%
Movie script Screenplay
38%
No matching quizzes found
Score Distribution
Percent of People with Each Score
Percentile by Number Answered
Your Score History
You have not taken this quiz since the last reset